[Event "IND-ch U13 35th"]
[Site "Puducherry"]
[Date "2022.12.11"]
[Round "2"]
[White "Arjun, Adireddy"]
[Black "Harshitvikram, SB."]
[Result "1-0"]
[WhiteElo "1980"]
[BlackElo "1396"]
[PlyCount "119"]
[EventDate "2022.12.11"]
[EventType "swiss"]
[EventRounds "11"]
[EventCountry "IND"]
[SourceTitle "EXT 2024"]
[Source "ChessBase"]
[SourceDate "2023.10.10"]
[SourceVersion "1"]
[SourceVersionDate "2023.10.10"]
[SourceQuality "1"]

1. e4 c5 2. Nf3 Nc6 3. d4 cxd4 4. Nxd4 Nf6 5. Nc3 e5 6. Ndb5 d6 7. Bg5 a6 8. Na3 b5 9. Bxf6 gxf6 10. Nd5 Bg7 11. Bd3 Be6 12. 0-0 f5 13. c4 b4 14. Nxb4 Nxb4 15. Qa4+ Ke7 16. Qxb4 fxe4 17. Bxe4 Rb8 18. Qd2 h5 19. b3 Bh6 20. Qd3 Qd7 21. Nc2 f5 22. Bd5 Rbg8 23. Rad1 h4 24. Bxe6 Qxe6 25. Nd4 Qg6 26. Nxf5+ Ke6 27. Qe4 Bf8 28. Nd4+ Ke7 29. Nc6+ Ke8 30. Qxg6+ Rxg6 31. c5 Rhg8 32. g3 Re6 33. Rfe1 hxg3 34. hxg3 Rg5 35. cxd6 Bxd6 36. Nd4 Rf6 37. Kg2 Kf7 38. Nf3 Rgf5 39. Rd3 Bb8 40. Re4 Kg8 41. g4 Rf4 42. Rd8+ Rf8 43. Rxf8+ Rxf8 44. Nxe5 Re8 45. f4 Kg7 46. Kf3 Bc7 47. Rc4 Bxe5 48. Re4 Rc8 49. fxe5 Rc3+ 50. Re3 Rc2 51. e6 Rc8 52. e7 Kf7 53. e8Q+ Rxe8 54. Rxe8 Kxe8 55. Ke4 Kf7 56. Kf5 Kg7 57. Kg5 Kf7 58. Kh6 Kg8 59. Kg6 Kh8 60. Kf7 1-0